Objeticos de INFOCOOP

Uloženo v:
Podrobná bibliografie
Korporativní autor: Instituto Nacional de Fomento Cooperativo (Costa Rica)
Médium: Text
Vydáno: San José: El Instituto
Tagy: Přidat tag
Žádné tagy, Buďte první, kdo vytvoří štítek k tomuto záznamu!

MARC

LEADER 00000 a a2200000 04500
001 15956
003
040
090 |a EXTRAVIADO  
110 |a Instituto Nacional de Fomento Cooperativo (Costa Rica)  
245 |a Objeticos de INFOCOOP  
260 |a San José:   |b El Instituto  
300 |a 5 p.  
999 |c 13847  |d 13847